000
00347nam a22001337a 4500
003
SGT
020
_a
9789388583862
082
_a
200
_b
B20S
100
_a
शर्मा, यति
245
_a
बंद खिड़कियों का दर्द
260
_b
साहित्यभूमि
_c
2020
300
_a
111
942
_2
ddc
_c
BK
999
_c
31802
_d
31802